Logic in practice (Record no. 416215)

000 -LEADER
fixed length control field 00309cam a22001217a 4500
008 - FIXED-LENGTH DATA ELEMENTS--GENERAL INFORMATION
fixed length control field 180718b1954 xxu||||| |||| 00| 0 eng d
082 ## - DEWEY DECIMAL CLASSIFICATION NUMBER
Classification number AA6 St31
100 ## - MAIN ENTRY--PERSONAL NAME
Personal name Stebbing, I. Susan
245 ## - TITLE STATEMENT
Title Logic in practice
Statement of responsibility, etc. by L. Susan Stebbing
260 ## - PUBLICATION, DISTRIBUTION, ETC.
Place of publication, distribution, etc. London
Name of publisher, distributor, etc. Methen
Date of publication, distribution, etc. 1954
300 ## - PHYSICAL DESCRIPTION
Extent xi, 90p
650 ## - SUBJECT ADDED ENTRY--TOPICAL TERM
Topical term or geographic name entry element Logic.
Holdings
Withdrawn status Lost status Damaged status Not for loan Permanent Location Current Location Date acquired Full call number Barcode Date last seen Price effective from Koha item type
        Indian Institute of Public Administration Indian Institute of Public Administration 2009-03-13 AA6 St31 2953 2018-07-21 2018-07-21 Book

Powered by Koha